|
|
|
|
| LEADER |
00000nam0a2200000 4500 |
| 001 |
371745 |
| 005 |
20231102012417.0 |
| 035 |
|
|
|a (RuTPU)RU\TPU\retro\29155
|
| 090 |
|
|
|a 371745
|
| 100 |
|
|
|a 20221110d1977 k y0rusy50 ca
|
| 101 |
0 |
|
|a rus
|
| 102 |
|
|
|a RU
|
| 105 |
|
|
|a a z 001zy
|
| 200 |
1 |
|
|a Геология, магнетизм горных пород и палеомагнетизм Южного Урала
|f Академия наук СССР, Башкирский филиал, Институт геологии
|
| 210 |
|
|
|a Уфа
|c [Б. и.]
|d 1977
|
| 215 |
|
|
|a 128 с.
|c ил.
|
| 320 |
|
|
|a Библиогр. в конце ст.
|
| 606 |
1 |
|
|a Палеомагнетизм
|2 stltpush
|3 (RuTPU)RU\TPU\subj\47992
|9 66874
|
| 606 |
1 |
|
|a Горные породы
|2 stltpush
|3 (RuTPU)RU\TPU\subj\7929
|9 35440
|
| 610 |
1 |
|
|a палеозой
|
| 610 |
1 |
|
|a докембрий
|
| 610 |
1 |
|
|a ферримагнитные минералы
|
| 610 |
1 |
|
|a медноколчеданные месторождения
|
| 610 |
1 |
|
|a гипербазитовые массивы
|
| 610 |
1 |
|
|a геомагнитное поле
|
| 610 |
1 |
|
|a осадочные породы
|
| 675 |
|
|
|a 550.384
|v 3
|
| 675 |
|
|
|a 552
|v 3
|
| 712 |
0 |
2 |
|a Академия наук СССР
|b Башкирский филиал
|b Институт геологии
|c (Уфа)
|c (1968-1988)
|2 stltpush
|3 (RuTPU)RU\TPU\col\10647
|9 24892
|
| 801 |
|
1 |
|a RU
|b 63413507
|c 20221110
|
| 801 |
|
2 |
|a RU
|b 63413507
|c 20221110
|g RCR
|
| 942 |
|
|
|c BK
|